Valuation Tribunal Services (Record no. 119890)

MARC details
000 -LEADER
fixed length control field 00966cam a2200205 4500
001 - CONTROL NUMBER
control field WS114611
008 - FIXED-LENGTH DATA ELEMENTS--GENERAL INFORMATION
fixed length control field 010917n 000 0 eng u
035 ## - SYSTEM CONTROL NUMBER
System control number (Sirsi) u114611
245 ## - TITLE STATEMENT
Title Valuation Tribunal Services
520 ## - SUMMARY, ETC.
Summary, etc. Web site for the valuation tribunals in England which are independent local bodies who offer a service to residents and businesses where there are disputes concerning council tax and business rate issues. Includes a list of which billing authorities is located in whcih valuation tribunal area, a page of FAQs, guidance notes, their newsletter and an index of Lands Tribunal appeals.
650 ## - SUBJECT ADDED ENTRY--TOPICAL TERM
Topical term or geographic name entry element GOVERNMENT
650 ## - SUBJECT ADDED ENTRY--TOPICAL TERM
Topical term or geographic name entry element VALUATION TRIBUNALS
650 ## - SUBJECT ADDED ENTRY--TOPICAL TERM
Topical term or geographic name entry element LANDS TRIBUNAL
650 ## - SUBJECT ADDED ENTRY--TOPICAL TERM
Topical term or geographic name entry element COUNCIL TAX
650 ## - SUBJECT ADDED ENTRY--TOPICAL TERM
Topical term or geographic name entry element BUSINESS RATES
650 ## - SUBJECT ADDED ENTRY--TOPICAL TERM
Topical term or geographic name entry element GUIDANCE
690 ## - LOCAL SUBJECT ADDED ENTRY--TOPICAL TERM (OCLC, RLIN)
Topical term or geographic name as entry element RATING AND LOCAL TAXATION
856 40 - ELECTRONIC LOCATION AND ACCESS
Uniform Resource Identifier <a href="https://www.valuation-tribunals.gov.uk">https://www.valuation-tribunals.gov.uk</a>
Public note View the website free of charge at www.valuation-tribunals.gov.uk...
942 ## - ADDED ENTRY ELEMENTS (KOHA)
Suppress in OPAC 0
Holdings
Withdrawn status Lost status Source of classification or shelving scheme Damaged status Not for loan Home library Current library Shelving location Date acquired Total Checkouts Full call number Barcode Date last seen Copy number Price effective from Koha item type
    Dewey Decimal Classification     Virtual Virtual Online 17/09/2001   WEB SITE 114611-2001 06/08/2019 1 06/08/2019 Online material